Applied Linear Programming/ (Record no. 212427)

MARC details
000 -LEADER
fixed length control field 00517nam a22001937a 4500
005 - DATE AND TIME OF LATEST TRANSACTION
control field 20250718123240.0
010 ## - LCCN (DPL NO)
LC control number ENG-146015
020 ## - INTERNATIONAL STANDARD BOOK NUMBER
Terms of availability 295.00
International Standard Book Number 9788176710640
035 ## - SYSTEM CONTROL NUMBER
System control number EN-129547
037 ## - SOURCE OF ACQUISITION
Source of stock number/acquisition DBAD
082 ## - DEWEY DECIMAL CLASSIFICATION NUMBER
Classification number 519.72
100 ## - MAIN ENTRY--PERSONAL NAME
Personal name Srinath, L.S.
245 ## - TITLE STATEMENT
Title Applied Linear Programming/
Statement of responsibility, etc L.S. Srinath
250 ## - EDITION STATEMENT
Edition statement 1
260 ## - PUBLICATION, DISTRIBUTION, ETC. (IMPRINT)
Name of publisher, distributor, etc East West Press Private Limited
Place of publication, distribution, etc IndIa
Date of publication, distribution, etc 2010
300 ## - PHYSICAL DESCRIPTION
Extent 348p.
Dimensions 25cm(pb)
500 ## - GENERAL NOTE
General note Includes Index
942 ## - ADDED ENTRY ELEMENTS (KOHA)
Source of classification or shelving scheme Dewey Decimal Classification
Item type English Books
Classification part 519.72
Call number suffix SRI
Holdings
Withdrawn status Lost status Not for loan Collection code Home library Current library Date acquired Source of acquisition Cost, normal purchase price Full call number Barcode Copy number Cost, replacement price Koha item type
      Non-fiction Sarojini Nagar Sarojini Nagar 18/07/2025 Delivery of Books Act Division 295.00 519.72 SRI EN-129547 1 295.00 English Books

© Delhi Public Library
Hit Counter
free hit counter